Gestión efectiva de emprendimientos sociales (Registro nro. 2021)
[ vista simple ]
| 000 -LEADER | |
|---|---|
| fixed length control field | 01573 a2200229 4500 |
| 001 - CONTROL NUMBER | |
| control field | 30118 |
| 005 - DATE AND TIME OF LATEST TRANSACTION | |
| control field | 20260407155612.0 |
| 008 - FIXED-LENGTH DATA ELEMENTS--GENERAL INFORMATION | |
| fixed length control field | 260407a2006 arg spa d |
| 003 - CONTROL NUMBER IDENTIFIER | |
| control field | AR-UNSa-BCEJYS |
| 040 ## - CATALOGING SOURCE | |
| Original cataloging agency | AR-UNSa-BCEJYS |
| Language of cataloging | spa |
| Transcribing agency | AR-UNSa-BCEJYS |
| 080 ## - UNIVERSAL DECIMAL CLASSIFICATION NUMBER | |
| Universal Decimal Classification number | 658.17 |
| Common auxiliary subdivision | Gastos ajenos a los de explotación, p.e., para fomento de actividades culturales, sociales o políticas (Emprendimientos sociales) |
| 020 ## - INTERNATIONAL STANDARD BOOK NUMBER | |
| International Standard Book Number | 1-59782-035-0 |
| 041 ## - LANGUAGE CODE | |
| Language code of text/sound track or separate title | spa |
| 100 1# - MAIN ENTRY--PERSONAL NAME | |
| Personal name | Social Enterprise Knowledge Network |
| 245 10 - TITLE STATEMENT | |
| Title | Gestión efectiva de emprendimientos sociales |
| Name of part/section of a work | lecciones extraídas de empresas y organizaciones de la sociedad civil en Iberoamérica |
| 264 #1 - PRODUCTION, PUBLICATION, DISTRIBUTION, MANUFACTURE, AND COPYRIGHT NOTICE | |
| Place of production, publication, distribution, manufacture | Washington : |
| Name of producer, publisher, distributor, manufacturer | Banco Interamericano de Desarrollo |
| Date of production, publication, distribution, manufacture, or copyright notice | 2006 |
| 300 ## - PHYSICAL DESCRIPTION | |
| Extent | xi, 351 p. |
| Dimensions | 23 cm. |
| 505 ## - FORMATTED CONTENTS NOTE | |
| Formatted contents note | 1. El emprendimiento social como marco de análisis - 2. El liderazgo de los emprendimientos sociales - 3. La estrategia en los emprendimientos sociales - 4. La cultura organizacional en los emprendimientos sociales - 5. La estructura de la organización - 6. La gestión de los recursos humanos en los emprendimientos sociales - 7. La viabilidad financiera de los emprendimientos sociales - 8. El gobierno de los emprendimientos sociales - 9. Medición de resultados en los emprendimientos sociales - 10. La generación de valor social y de valor económico - 11. Reflexiones integradoras |
| 590 ## - LOCAL NOTE (RLIN) | |
| Local note | niveau_biblio:m niveau_hierar:0 |
| 856 41 - ELECTRONIC LOCATION AND ACCESS | |
| Uniform Resource Identifier | <a href="https://biblioeco.unsa.edu.ar/pmb/images/libros/Gestion efectiva de emprendimientos sociales2-l125075.jpg">https://biblioeco.unsa.edu.ar/pmb/images/libros/Gestion efectiva de emprendimientos sociales2-l125075.jpg</a> |
| Link text | Imagen de portada |
| Electronic format type | image/jpeg |
| 942 ## - ADDED ENTRY ELEMENTS (KOHA) | |
| Koha item type | |
| Withdrawn status | Lost status | Damaged status | Not for loan | Home library | Current library | Shelving location | Date acquired | Total checkouts | Full call number | Barcode | Date last seen | Price effective from | Koha item type |
|---|---|---|---|---|---|---|---|---|---|---|---|---|---|
| Biblioteca Prof. Eusebio Cleto del Rey | Biblioteca Prof. Eusebio Cleto del Rey | 07/04/2026 | 658.17 S678 | L125075 | 07/04/2026 | 07/04/2026 | Libro |